| 000 | 01218nam a2200229Ia 4500 | ||
|---|---|---|---|
| 001 | L239-11035 | ||
| 003 | IT-CnALBA | ||
| 008 | 170116s9999||||xx |||||||||||||| ||und|| | ||
| 040 |
_aIT-CnALBA _cIT-CnALBA |
||
| 041 | _aITALIANO | ||
| 100 | _aBARRA GIOVANNI, SACERDOTE. | ||
| 245 | 0 | _aPSICOLOGIA DEI CONVERTITI. | |
| 250 | _a1a ed. | ||
| 260 |
_aCINISELLO BALSAMO (MI) _bEDIZIONI PAOLINE _c1959 [1° Ed.:1959 - Ed.Ling.Originale: 1959] |
||
| 300 | _a276 p. | ||
| 500 | _aCRISTIANESIMO E VANGELO. DISCREZIONE DI DIO. RAGIONE. LIBERTÀ. PACE GIOIA ANGOSCIE DIFFICOLTÀ DEL CONVERTITO. INCOMPRENSIONI E PREGIUDIZI. LA CHIESA. IL PROTESTANTESIMO. DOTTRINA SOCIALE. IL DOLORE. CUORE E VOLONTÀ NELLA CONVERSIONE. VALORE APOLOGETICO DE | ||
| 501 | _aSocietà San Paolo EM - Piazza San Paolo, 14 - 12051 ALBA (CN) (non commercial uses only) ® Copyright 2017 | ||
| 520 | _aCRISTIANESIMO E VANGELO. DISCREZIONE DI DIO. RAGIONE. LIBERTÀ. PACE GIOIA ANGOSCIE DIFFICOLTÀ DEL CONVERTITO. INCOMPRENSIONI E PREGIUDIZI. LA CHIESA. IL PROTESTANTESIMO. DOTTRINA SOCIALE. IL DOLORE. CUORE E VOLONTÀ NELLA CONVERSIONE. VALORE APOLOGETICO DE | ||
| 650 | _aAPOLOGETICA E CONTROVERSIE | ||
| 942 | _cBK | ||
| 957 | _71 | ||
| 999 |
_a15788 _bNO _g Copie: 1 _c270212 _d270212 |
||